Spoločensky zodpovedné podnikanie v spoločnosti GeoSlovakia, s. r. o. bakalárska práca

Salvato in:
Dettagli Bibliografici
Autore principale: Fabián, Matej
Ente Autore: Podnikovohospodárska fakulta EU so sídlom v Košiciach. Katedra ekonómie
Altri autori: Bačová, Monika
Natura: Libro
Lingua:slovacco
Pubblicazione: Košice 2011
Tags: Aggiungi Tag
Nessun Tag, puoi essere il primo ad aggiungerne!!

MARC

LEADER 00000nbm a2200000 4500
001 0139300
005 20240827093015.8
041 0 |a slo 
044 |a SK 
245 1 0 |a Spoločensky zodpovedné podnikanie v spoločnosti GeoSlovakia, s. r. o.  |b bakalárska práca  |c Matej Fabián ; školiteľ: Monika Bačová 
264 1 |a Košice  |c 2011 
300 |a 67 s. 
100 1 |a Fabián, Matej 
700 1 |a Bačová, Monika 
710 2 |a Podnikovohospodárska fakulta EU so sídlom v Košiciach. Katedra ekonómie